[Event "Niedersachsen-ch op-C"]
[Site "Verden"]
[Date "2013.01.06"]
[Round "7"]
[White "Da Silva, Marco"]
[Black "Rajendran, Reanosh"]
[Result "1-0"]
[WhiteElo "1116"]
[BlackElo "874"]
[PlyCount "113"]
[EventDate "2013.01.03"]
[EventType "swiss"]
[EventRounds "7"]
[EventCountry "GER"]
[SourceTitle "EXT 2021"]
[Source "ChessBase"]
[SourceDate "2020.10.23"]
[SourceVersion "1"]
[SourceVersionDate "2020.10.23"]
[SourceQuality "1"]

1. c4 c5 2. g3 Nc6 3. Bg2 e5 4. d3 Nf6 5. Nf3 d6 6. Nc3 Be6 7. 0-0 Be7 8. Be3 0-0 9. Qc2 Qc7 10. a3 b6 11. Rab1 Rfd8 12. Ng5 Rac8 13. Nxe6 fxe6 14. Nb5 Qb7 15. Bxc6 Rxc6 16. Qa4 Ra8 17. Nc3 Ng4 18. h3 Nxe3 19. fxe3 Bg5 20. e4 Be3+ 21. Kg2 Rcc8 22. Nb5 Qc6 23. Nc3 Qb7 24. Kf3 Bd4 25. Nb5 Qe7 26. e3 a6 27. Nc3 Bxc3 28. bxc3 Rcb8 29. Kg2 Qb7 30. d4 exd4 31. cxd4 d5 32. cxd5 exd5 33. Qb3 cxd4 34. exd4 Qe7 35. Qxd5+ Kh8 36. Rxb6 Qxa3 37. Rxb8+ Rxb8 38. Qf7 Rb2+ 39. Rf2 Rb8 40. Qf3 Qb4 41. h4 h6 42. d5 Qd4 43. Kh3 Rb1 44. Qf8+ Kh7 45. Qf5+ Kh8 46. Rf1 Rb3 47. e5 Qe3 48. Qg4 Qxe5 49. Qc8+ Kh7 50. Qc2+ Kg8 51. Qxb3 Qe7 52. d6+ Qf7 53. Qxf7+ Kh7 54. Qe8 a5 55. d7 h5 56. Qe4+ Kh6 57. d8Q 1-0

[Event "Niedersachsen-ch op-C"]
[Site "Verden"]
[Date "2013.01.03"]
[Round "2"]
[White "Rajendran, Reanosh"]
[Black "Muermans, Ansgar"]
[Result "1-0"]
[WhiteElo "874"]
[BlackElo "1241"]
[PlyCount "140"]
[EventDate "2013.01.03"]
[EventType "swiss"]
[EventRounds "7"]
[EventCountry "GER"]
[SourceTitle "EXT 2021"]
[Source "ChessBase"]
[SourceDate "2020.10.23"]
[SourceVersion "1"]
[SourceVersionDate "2020.10.23"]
[SourceQuality "1"]

1. e4 c5 2. Nf3 Nc6 3. d4 cxd4 4. Nxd4 g6 5. Nc3 Bg7 6. Be3 e5 7. Nf3 Nge7 8. Bc4 a6 9. Bg5 f6 10. Be3 d6 11. Nd5 Nxd5 12. Qxd5 Qa5+ 13. Qxa5 Nxa5 14. Be2 b5 15. 0-0 Be6 16. Rfd1 Bc4 17. Bxc4 Nxc4 18. Rab1 Nxe3 19. fxe3 Kd7 20. b3 Rac8 21. Rbc1 Bh6 22. Kf2 Rc3 23. Rd3 Rhc8 24. Ne1 Rxd3 25. Nxd3 Rc3 26. h3 Ke6 27. Ke2 b4 28. Kd2 f5 29. exf5+ gxf5 30. Re1 a5 31. a3 Rc8 32. axb4 axb4 33. Nxb4 Rg8 34. Re2 d5 35. Kd1 Ra8 36. Ke1 Rc8 37. Kf2 e4 38. Ke1 Rc3 39. Kf2 Bg5 40. g3 h5 41. h4 Bf6 42. Rd2 Rc5 43. Na6 Rc6 44. Nb4 Rc5 45. Na2 Ra5 46. Nc1 Bc3 47. Rd1 Ra1 48. Ke2 Be5 49. Kd2 Bxg3 50. Rh1 Ke5 51. Nd3+ exd3 52. Rxa1 dxc2 53. Kxc2 Ke4 54. Kd2 Be5 55. Ra2 d4 56. exd4 Bxd4 57. Ke2 f4 58. Ra4 f3+ 59. Kf1 Ke3 60. Ra2 Ke4 61. b4 Kf4 62. b5 Kg3 63. Rc2 Be3 64. Ra2 Bc5 65. Rc2 Ba7 66. Rb2 Kxh4 67. b6 Bb8 68. b7 Kg3 69. Rc2 h4 70. Rc8 Ba7 1-0